[Event "13. Anatoly Karpov 2012"]
[Site "Poikovsky RUS"]
[Date "2012.09.28"]
[Round "1.5"]
[White "Short, Nigel D"]
[Black "Rublevsky, Sergei"]
[Result "1-0"]
[WhiteElo "2698"]
[BlackElo "2693"]
[PlyCount "123"]
[EventDate "2012.09.28"]
[EventType "tourn"]
[EventRounds "9"]
[EventCountry "RUS"]
[EventCategory "18"]
[Source "lmi"]
[SourceDate "2012.09.28"]

1. c4 e5 2. Nc3 Nf6 3. Nf3 Nc6 4. e3 Bb4 5. Qb3 Bxc3 6. Qxc3 Qe7 7. Be2 d5 8.
O-O d4 9. exd4 exd4 10. Qa3 Qxa3 11. bxa3 Bf5 12. Re1 O-O-O 13. Bb2 Rhe8 14.
Bf1 Be4 15. Ng5 Bg6 16. Rxe8 Rxe8 17. Nf3 Ne4 18. d3 Nc5 19. Nxd4 Nxd3 20. Nxc6
Nxb2 21. Nxa7+ Kd7 22. Nb5 c6 23. Nd4 Kc7 24. Rc1 Ra8 25. f4 Rd8 26. Nb3 Rd1
27. Kf2 f6 28. Rxd1 Nxd1+ 29. Ke2 Nc3+ 30. Ke3 Bb1 31. Nc5 g6 32. Kd2 Ne4+ 33.
Nxe4 Bxe4 34. c5 Bd5 35. Kc3 Bxa2 36. Bd3 Be6 37. a4 Kd7 38. Kd4 Bb3 39. a5 Ke6
40. Be4 Kd7 41. g4 Ba4 42. h4 Ke7 43. g5 Bb5 44. Bg2 Kf7 45. Bh3 Kg7 46. Bc8
Ba6 47. Ke4 Kf7 48. f5 Kg7 49. Kf4 Kf7 50. fxg6+ hxg6 51. Ke4 Kg7 52. gxf6+
Kxf6 53. Kf4 Kf7 54. Ke5 Ke7 55. Bg4 Bc4 56. Bf3 Bd3 57. Bg4 Bc4 58. Bd1 Be6
59. Bc2 Bf7 60. Bd3 Be8 61. Be4 Bf7 62. Bxc6 1-0

[Event "13. Anatoly Karpov 2012"]
[Site "Poikovsky RUS"]
[Date "2012.09.29"]
[Round "2.1"]
[White "Wojtaszek, Radoslaw"]
[Black "Ponomariov, Ruslan"]
[Result "0-1"]
[WhiteElo "2713"]
[BlackElo "2729"]
[PlyCount "134"]
[EventDate "2012.09.28"]
[EventType "tourn"]
[EventRounds "9"]
[EventCountry "RUS"]
[EventCategory "18"]
[Source "lmi"]
[SourceDate "2012.09.28"]

1. d4 Nf6 2. c4 g6 3. Nc3 d5 4. Nf3 Bg7 5. Qb3 dxc4 6. Qxc4 O-O 7. e4 Na6 8.
Be2 c5 9. d5 e6 10. O-O exd5 11. exd5 Re8 12. Bg5 h6 13. Be3 Bf5 14. Rad1 Qb6
15. b3 Rad8 16. Rd2 Ng4 17. Bf4 Qa5 18. Rc1 g5 19. Bg3 Bxc3 20. Qxc3 Qxc3 21.
Rxc3 Nf6 22. Bb5 Ne4 23. Re3 Nxd2 24. Rxe8+ Rxe8 25. Bxe8 Ne4 26. Ne5 f6 27.
Nc4 Kf8 28. Bb5 Nxg3 29. Bxa6 bxa6 30. hxg3 Ke7 31. f3 Bb1 32. a3 Bc2 33. Na5
Kd6 34. Nc4+ Kc7 35. Na5 Bg6 36. Nc4 Bf7 37. d6+ Kd7 38. Kf2 Bg6 39. Ke3 Bc2
40. Na5 Kxd6 41. g4 Bg6 42. Nc4+ Ke6 43. Na5 Kd5 44. Nc4 f5 45. gxf5 Bxf5 46.
Na5 Bd7 47. Nc4 Bb5 48. Nd2 a5 49. Ne4 Bc6 50. Kd3 Ke5 51. Nxc5 Kf4 52. Ke2 Kg3
53. Kf1 g4 54. fxg4 Bxg2+ 55. Kg1 Bd5 56. b4 axb4 57. axb4 Kxg4 58. Kf2 Kf4 59.
Na4 Bc6 60. Nc3 a6 61. Ne2+ Ke4 62. Ng3+ Kd3 63. Nf5 h5 64. Ng7 h4 65. Nf5 h3
66. Kg3 Kc3 67. Ne3 Bg2 0-1

[Event "13. Anatoly Karpov 2012"]
[Site "Poikovsky RUS"]
[Date "2012.09.29"]
[Round "2.3"]
[White "Rublevsky, Sergei"]
[Black "Bruzon Batista, Lazaro"]
[Result "1-0"]
[WhiteElo "2693"]
[BlackElo "2713"]
[PlyCount "127"]
[EventDate "2012.09.28"]
[EventType "tourn"]
[EventRounds "9"]
[EventCountry "RUS"]
[EventCategory "18"]
[Source "lmi"]
[SourceDate "2012.09.28"]

1. e4 e5 2. Nf3 Nc6 3. d4 exd4 4. Nxd4 Bc5 5. Nxc6 bxc6 6. Bd3 Qh4 7. Qe2 Nf6
8. Be3 Bxe3 9. Qxe3 O-O 10. Nc3 Re8 11. O-O-O d6 12. f4 Nd5 13. Nxd5 cxd5 14.
e5 c6 15. Rde1 Bd7 16. g3 Qd8 17. Qd4 Qa5 18. b4 dxe5 19. Rxe5 Qa3+ 20. Qb2
Qxb2+ 21. Kxb2 Reb8 22. a3 a5 23. Re7 Be8 24. Kc3 axb4+ 25. axb4 Kf8 26. Rhe1
h6 27. Rc7 Ra3+ 28. Kb2 Ra4 29. c3 d4 30. Kb3 Rba8 31. cxd4 Ra3+ 32. Kc4 Rd8
33. Be4 Ra2 34. Bxc6 Bxc6 35. Rxc6 Rc2+ 36. Kb5 Rxh2 37. Re4 Rb2 38. Rb6 g5 39.
Rb7 Rd6 40. Kc5 Rf6 41. d5 Rb3 42. fxg5 hxg5 43. g4 Rf4 44. Rc4 Rxc4+ 45. Kxc4
Rg3 46. d6 Rxg4+ 47. Kc5 Ke8 48. Re7+ Kd8 49. Rxf7 Rg1 50. b5 Rc1+ 51. Kb6 g4
52. Rg7 Rg1 53. Kc6 Rc1+ 54. Kb7 Rg1 55. b6 g3 56. Kb8 Rb1 57. b7 Ra1 58. Rxg3
Ra2 59. d7 Ra1 60. Rg8+ Kxd7 61. Rg7+ Kd8 62. Rg4 Kd7 63. Rd4+ Ke7 64. Kc7 1-0

[Event "13. Anatoly Karpov 2012"]
[Site "Poikovsky RUS"]
[Date "2012.09.30"]
[Round "3.4"]
[White "Bruzon Batista, Lazaro"]
[Black "Wojtaszek, Radoslaw"]
[Result "1/2-1/2"]
[WhiteElo "2713"]
[BlackElo "2713"]
[PlyCount "39"]
[EventDate "2012.09.28"]
[EventType "tourn"]
[EventRounds "9"]
[EventCountry "RUS"]
[EventCategory "18"]
[Source "lmi"]
[SourceDate "2012.09.28"]

1. Nf3 Nf6 2. c4 b6 3. g3 Bb7 4. Bg2 c5 5. O-O e6 6. Nc3 Be7 7. b3 O-O 8. Bb2
d6 9. e3 Nbd7 10. Qe2 Qc7 11. Rfd1 Rac8 12. Rac1 Ne4 13. Nxe4 Bxe4 14. d3 Bb7
15. e4 Bf6 16. d4 cxd4 17. Bxd4 Rfd8 18. Bxf6 Nxf6 19. Nd4 a6 20. Rc2 1/2-1/2

[Event "13. Anatoly Karpov 2012"]
[Site "Poikovsky RUS"]
[Date "2012.10.04"]
[Round "6.5"]
[White "Short, Nigel D"]
[Black "Bruzon Batista, Lazaro"]
[Result "0-1"]
[WhiteElo "2698"]
[BlackElo "2713"]
[PlyCount "114"]
[EventDate "2012.09.28"]
[EventType "tourn"]
[EventRounds "9"]
[EventCountry "RUS"]
[EventCategory "18"]
[Source "lmi"]
[SourceDate "2012.09.28"]

1. e4 e5 2. Nf3 Nc6 3. Bc4 Bc5 4. b4 Bxb4 5. c3 Be7 6. d4 Na5 7. Bd3 d6 8. dxe5
dxe5 9. Nxe5 Nf6 10. O-O O-O 11. Qc2 c5 12. f4 c4 13. Be2 Bc5+ 14. Kh1 b5 15.
Ba3 Qe7 16. Bxc5 Qxc5 17. Nd2 Bb7 18. Rae1 Rad8 19. Bf3 h6 20. h3 Rfe8 21. Re2
Rxe5 22. fxe5 Qxe5 23. Rd1 Bc6 24. Nf1 Nb7 25. Rxd8+ Nxd8 26. Ne3 Ne6 27. Nd5
Ng5 28. Nxf6+ gxf6 29. Qd2 Kg7 30. Qe3 a6 31. Re1 a5 32. a3 Qg3 33. Bg4 Qxe3
34. Rxe3 Nxe4 35. Bd7 Bd5 36. Bxb5 f5 37. Kh2 Kf6 38. Re1 Ke5 39. Ba4 Kd6 40.
Rc1 f4 41. Bd1 Kc5 42. Bg4 Ng3 43. Re1 Ne4 44. Rc1 Ng3 45. a4 f5 46. Bd1 Bc6
47. Kg1 Bxa4 48. Kf2 Bxd1 49. Rxd1 Ne4+ 50. Ke1 Nxc3 51. Rd8 a4 52. Kd2 Kb4 53.
Kc2 a3 54. Rd4 Ne4 55. Rd8 Nc3 56. Rd4 a2 57. Kb2 Ne2 0-1

[Event "13. Anatoly Karpov 2012"]
[Site "Poikovsky RUS"]
[Date "2012.10.05"]
[Round "7.3"]
[White "Wojtaszek, Radoslaw"]
[Black "Short, Nigel D"]
[Result "1/2-1/2"]
[WhiteElo "2713"]
[BlackElo "2698"]
[PlyCount "55"]
[EventDate "2012.09.28"]
[EventType "tourn"]
[EventRounds "9"]
[EventCountry "RUS"]
[EventCategory "18"]
[Source "lmi"]
[SourceDate "2012.09.28"]

1. d4 Nf6 2. c4 e5 3. dxe5 Ng4 4. Nf3 Bc5 5. e3 Nc6 6. Be2 O-O 7. Nc3 Re8 8.
O-O a5 9. Nd4 Ngxe5 10. b3 d6 11. Bb2 Bd7 12. Ndb5 Na7 13. Na4 Nxb5 14. cxb5
Bf5 15. Qd5 c6 16. bxc6 bxc6 17. Qd2 Ba7 18. Bd4 Bxd4 19. Qxd4 Qf6 20. Rfd1 Re6
21. Qf4 Qg6 22. Nc3 h5 23. h4 Bg4 24. f3 Bh3 25. Qh2 Qh6 26. Qf4 Qg6 27. Qh2
Qh6 28. Qf4 1/2-1/2